| 000 | 01229nam a2200313Ia 4500 | ||
|---|---|---|---|
| 001 | ebr10131654 | ||
| 003 | CaPaEBR | ||
| 006 | m u | ||
| 007 | cr cn||||||||| | ||
| 008 | 030523s2004 enka sb 001 0 eng d | ||
| 010 | _z 2003055050 | ||
| 020 | _z0511210310 | ||
| 020 | _z052124742X | ||
| 040 |
_aCaPaEBR _cCaPaEBR |
||
| 035 | _a(OCoLC)560236351 | ||
| 050 | 1 | 4 |
_aQP363 _b.O273 2004eb |
| 100 | 1 | _aOchs, Sidney. | |
| 245 | 1 | 2 |
_aA history of nerve functions _h[electronic resource] : _bfrom animal spirits to molecular mechanisms / _cSidney Ochs. |
| 260 |
_aCambridge ; _aNew York : _bCambridge University Press, _c2004. |
||
| 300 |
_aix, 438 p. : _bill. |
||
| 504 | _aIncludes bibliographical references (p. 367-420) and index. | ||
| 533 |
_aElectronic reproduction. _bPalo Alto, Calif. : _cebrary, _d2009. _nAvailable via World Wide Web. _nAccess may be limited to ebrary affiliated libraries. |
||
| 650 | 0 |
_aAxonal transport _xHistory. |
|
| 650 | 0 |
_aNerves _xHistory. |
|
| 650 | 0 |
_aNeurology _xHistory. |
|
| 655 | 7 |
_aElectronic books. _2local |
|
| 710 | 2 | _aebrary, Inc. | |
| 856 | 4 | 0 |
_uhttp://site.ebrary.com/lib/rucke/Doc?id=10131654 _zAn electronic book accessible through the World Wide Web; click to view |
| 999 |
_c183305 _d183305 |
||